Matemática (Record no. 164542)

MARC details
000 -LÍDER
campo de controle de tamanho fixo 00340 a2200169 4500
001 - NÚMERO DE CONTROLE
campo de controle 164542
020 ## - ISBN - INTERNATIONAL STANDARD BOOK NUMBER
ISBN - International Standard Book Number 85-08-07665-7
040 ## - FONTE DA CATALOGAÇÃO
Instituição que transcreveu o registro Magnum
100 ## - ENTRADA PRINCIPAL--NOME PESSOAL
Nome pessoal Greco, Sérgio Emílio
240 10 - TÍTULO UNIFORME
Título uniforme Matemática
Idioma da obra por
245 10 - TÍTULO
Título Matemática
300 ## - DESCRIÇÃO FÍSICA
Extensão 430
362 0# - DATAS DE PUBLICAÇÃO E/OU DESIGNAÇÃO SEQUENCIAL
Datas de publicação e/ou designação sequencial 2001
440 #1 - DECLARAÇÃO DE SÉRIE/ENTRADA ADICIONADA--TÍTULO
Título Ática
697 ## - ENTRADA DE ASSUNTO LOCAL--ENTIDADE COLETIVA (RLIN)
Nome corporativo ou nome da jurisdição MATEMÁTICA
942 ## - ELEMENTOS DE ENTRADA ADICIONADOS (KOHA)
Tipo de material Koha Livros
Holdings
Situação do descarte Situação das perdas Situação física Não pode ser emprestado Biblioteca de origem Biblioteca atual Data de aquisição Total de empréstimos Número de chamada completo Código de barras Data de último acesso Data do preço efetivo Tipo de material Koha
        Magnum Magnum 08/06/2024   4.20 MAG00008661 08/06/2024 08/06/2024 Livros